Zatiahni na hlbinu

Bibliographic Details
Main Authors: Stanček, Ľubomír, 1955- (Author), Stenchlák, Róbert, 1973- (Author)
Format: Book
Language:Slovak
PhysicalDescription:143 strán ilustrácie 21 cm
Published: Spišské Podhradie Nadácia Kňazského seminára biskupa Jána Vojtaššáka 2004
ISBN:8089170102
Edition:1. vyd.
Subjects:

MARC

LEADER 00000cam a2200000 a 4500
001 vtls001492154
003 SK-MaSNL
005 20260407141949.0
008 220509s2004 xo a gr 000 0 slo
015 |a SNBA2005/10-04108 
020 |a 8089170102  |q (brožované) 
035 |a urn:nbn:sk:snk-am00gh37 
035 |a urn:nbn:sk:snk-am3j3uo 
035 |a EFCA0B0E-21B8-484A-94E9-C0FF95ABE465 
040 |a SNK  |b slo  |c SNK  |e AACR2 
041 0 |a slo 
044 |a xo  |c SK 
072 7 |a 27-5  |x Liturgia. Kresťanské umenie a symbolika. Duchovný život  |2 konspekt 
072 7 |a 27-475.2  |2 2011 
080 |a 27-4  |2 2011 
080 |a (035)  |2 2011 
080 |a 272-528  |2 2011 
080 |a (0:82-5)  |2 2011 
100 1 |a Stanček, Ľubomír,  |d 1955-  |4 aut  |9 90464 
245 1 0 |a Zatiahni na hlbinu  |c Ľubomír Stanček, Róbert Stenchlák 
250 |a 1. vyd. 
260 |a Spišské Podhradie  |b Nadácia Kňazského seminára biskupa Jána Vojtaššáka  |c 2004 
300 |a 143 strán  |b ilustrácie  |c 21 cm 
650 0 7 |a katolícka liturgia  |2 SNKPH  |9 1989 
650 0 7 |a kresťanský život  |2 SNKPH  |9 1808 
650 0 7 |a homiletika  |2 SNKPH  |9 1812 
655 7 |a príručky  |2 SNKPH  |9 74364 
655 7 |a kázne  |2 SNKPH  |9 70516 
700 1 |a Stenchlák, Róbert,  |d 1973-  |4 aut  |9 1636301 
919 |a 80-89170-10-2 
958 |a NT 
958 |a OND 
999 |c 560667  |d 562597 
952 |a SNK  |b SNK  |y PREZ  |7 0  |p 17A0457506  |o snkSC 118833  |i snk2005/1794  |8 0  |0 0  |1 0  |4 0  |d 2005-02-03  |f 1  |l 0  |r 2025-05-27 00:00:00  |w 2026-02-23 
952 |a SNK  |b SNK  |y VYP  |7 0  |p 17A0457505  |o snkSC 118833 D1  |i snk2005/1796  |8 0  |0 0  |1 0  |4 0  |d 2005-02-03  |l 0  |r 2026-02-23 13:40:39  |w 2026-02-23